Fakty o Stredoeurópskej dohode
Bilancia zahraničného obchodu Slovenska, Česka, Poľska a Maďarska. Obchodná bilancia Slovenska s CEFTA. Vývoj obchodu SR s jednotlivými krajinami CEFTA. Agrárny obchod SR. Komoditná štruktúra vývozu a dovozu s krajinami CEFTA oprti r. 1995.
Guardado en:
| Formato: | Capítulo de libro |
|---|---|
| Lenguaje: | eslovaco |
| Materias: | |
| Etiquetas: |
Sin Etiquetas, Sea el primero en etiquetar este registro!
|
MARC
| LEADER | 00000naa a2200000 4500 | ||
|---|---|---|---|
| 001 | r021899 | ||
| 005 | 20230801105331.1 | ||
| 041 | 0 | |a slo | |
| 044 | |a SK | ||
| 245 | 1 | 0 | |a Fakty o Stredoeurópskej dohode |
| 520 | |a Bilancia zahraničného obchodu Slovenska, Česka, Poľska a Maďarska. Obchodná bilancia Slovenska s CEFTA. Vývoj obchodu SR s jednotlivými krajinami CEFTA. Agrárny obchod SR. Komoditná štruktúra vývozu a dovozu s krajinami CEFTA oprti r. 1995. | ||
| 610 | 2 | 0 | |a obchod zahraničný |
| 610 | 2 | 0 | |a Slovensko |
| 610 | 2 | 0 | |a Česko |
| 610 | 2 | 0 | |a Maďarsko |
| 610 | 2 | 0 | |a Poľsko |
| 610 | 2 | 0 | |a obchod |
| 610 | 2 | 0 | |a bilancia obchodná |
| 610 | 2 | 0 | |a vývoz |
| 610 | 2 | 0 | |a dovoz |
| 610 | 2 | 0 | |a 1996 |
| 610 | 2 | 0 | |a 1995 |
| 610 | 2 | 0 | |a tovar poľnohospodársky |